Main ram naam gun gaoon / (Record no. 46744)

MARC details
000 -LEADER
fixed length control field 01204njm a22002897a 4500
005 - DATE AND TIME OF LATEST TRANSACTION
control field 20100918123637.0
006 - FIXED-LENGTH DATA ELEMENTS--ADDITIONAL MATERIAL CHARACTERISTICS--GENERAL INFORMATION
fixed length control field a|||||r|||||00| 0
007 - PHYSICAL DESCRIPTION FIXED FIELD--GENERAL INFORMATION
fixed length control field sd ammalaaahaa
008 - FIXED-LENGTH DATA ELEMENTS--GENERAL INFORMATION
fixed length control field 100831t xxu||||| |||| 00| 0 eng d
028 ## - PUBLISHER NUMBER
Publisher number S/45NLP.116
Source His Master's Voice
035 ## - SYSTEM CONTROL NUMBER
System control number GR-03567
040 ## - CATALOGING SOURCE
Original cataloging agency SED
Transcribing agency SED
100 ## - MAIN ENTRY--PERSONAL NAME
Personal name Kohli, Surinder
9 (RLIN) 17690
245 ## - TITLE STATEMENT
Title Main ram naam gun gaoon /
Statement of responsibility, etc by Surinder Kohli [and] Pradeep Chatterji; lyric by Bhawani Prasad Shukla
Medium [Sound Recording] :
246 ## - VARYING FORM OF TITLE
Title proper/short title मैं राम नाम गुण गाऊँ / सुरिंदर कोहली द्वारा
260 ## - PUBLICATION, DISTRIBUTION, ETC. (IMPRINT)
Place of publication, distribution, etc Dum Dum India
Name of publisher, distributor, etc His Master's Voice
Date of publication, distribution, etc 1979
300 ## - PHYSICAL DESCRIPTION
Extent 1 sound disc (Gramophone Recording)
Other physical details analog 33 1/3 rpm
Dimensions 12 in. (LP)
Type of unit Gramophone Record
500 ## - GENERAL NOTE
General note Brief Record
500 ## - GENERAL NOTE
General note Record label:His Master's Voice;Red
505 ## - FORMATTED CONTENTS NOTE
Formatted contents note Side-2 Darshan do durga maharani (Pradeep Chatterji)
600 ## - SUBJECT ADDED ENTRY--PERSONAL NAME
Personal name Kohli, Surinder
9 (RLIN) 20670
650 ## - SUBJECT ADDED ENTRY--TOPICAL TERM
Topical term or geographic name as entry element Devotional songs
General subdivision Excerpts
Geographic subdivision India
9 (RLIN) 17691
700 ## - ADDED ENTRY--PERSONAL NAME
Personal name Surinder, Kohli
9 (RLIN) 20671
700 ## - ADDED ENTRY--PERSONAL NAME
Personal name Shukla, Bhawani Prasad
9 (RLIN) 20672
942 ## - ADDED ENTRY ELEMENTS (KOHA)
Source of classification or shelving scheme Dewey Decimal Classification
Item type Gramaphone Records
Holdings
Withdrawn status Lost status Source of classification or shelving scheme Damaged status Not for loan Collection code Home library Current library Date acquired Source of acquisition Total Checkouts Barcode Date last seen Copy number Price effective from Koha item type
    Dewey Decimal Classification   Not For Loan Non-fiction Central Library Central Library 18/09/2010 SED/VEN   GR-03567 18/09/2010 1 18/09/2010 Gramaphone Records

© Delhi Public Library
Hit Counter
free hit counter